000 00806nac a22002777a 4500
001 BR0003992
003 BR-BrBNA
005 20240105122454.0
008 230509b bl.|||m| |||| 00| 0 por d
040 _aBR-BrBNA
_bpor
_cBiblioteca Nacional de Agricultura
072 _aC30
090 _aC30 BR0003992
100 1 _aTorres, A.C.
100 1 _aFerreira, A.T.
100 1 _aBuso, J.A.
100 1 _aRomano, E.
110 1 _aEMBRAPA Hortalicas, Brasilia, DF (Brasil)
245 1 _aGlossario de biotecnologia
260 3 _aBrasilia, DF (Brasil):
_c1999.
300 _a19 p.
490 _aCircular Tecnica - EMBRAPA Hortalicas (Brazil)
_vno. 19
_xISSN 1415-3033
650 _aBiotecnologia
650 _aDicionario
909 _a202312
_bLúcia Elande
_c55
_dLúcia Elande
942 _2AGRIS
_n0
_cMS
999 _c291215
_d291215